000 00946cab a22002175a 4500
001 L153226
008 110624e20110618xxk 000 0 eng d
035 _a(Sirsi) u153226
041 0 _aeng
100 1 _aThame, David
245 0 0 _aFocus
_bMerseyside
260 _c2011
490 _aEstates Gazette
_v(1124) 18 June 2011, 85-99(11)
520 _aInterviews with Sir Terry Leahy and Rod Holmes and their vision for the Liverpool City Region Local Enterprise Partnership. Planned regeneration schemes including Great Homer Street Liverpool, Edge Land Retail Park, ACC Liverpool waterfront extension and Speke Leisure Park. creation of the Liverpool Waters and Wirral Waters enterprise zone. Market overview of offices, industrial and retail sectors.
590 _aKA
651 4 _aMerseyside
690 _aPROPERTY-COMMERCIAL PROPERTY-COMMERCIAL PROPERTY MARKET
700 1 _aQuinn, David
700 1 _aCunningham, Daniel
942 _n0
999 _c83234
_d83234